000 01398nam a2200313 a 4500
001 ebr10643073
003 CaPaEBR
006 m u
007 cr cn|||||||||
008 120210s2012 njua sb 001 0 eng d
010 _z 2012005828
020 _z9781118062852
020 _z9781118404058 (e-book)
040 _aCaPaEBR
_cCaPaEBR
035 _a(OCoLC)795998929
050 1 4 _aTD756.45
_b.B56 2012eb
082 0 4 _a628.5/3
_223
245 0 0 _aBiogas production
_h[electronic resource] :
_bpretreatment methods in anaerobic digestion /
_cedited by Ackmez Mudhoo.
260 _aHoboken, N.J. :
_bJohn Wiley ;
_aBeverly, Mass. :
_bScrivener Pub.,
_cc2012.
300 _axxix, 320 p. :
_bill.
504 _aIncludes bibliographical references and index.
520 _a"This book highlights the recent advances in the pretreatment and value addition of lignocellulosic wastes and other biomass forms"--
_cProvided by publisher.
533 _aElectronic reproduction.
_bPalo Alto, Calif. :
_cebrary,
_d2013.
_nAvailable via World Wide Web.
_nAccess may be limited to ebrary affiliated libraries.
650 0 _aSewage
_xPurification
_xAnaerobic treatment.
655 7 _aElectronic books.
_2local
700 1 _aMudhoo, Ackmez.
710 2 _aebrary, Inc.
856 4 0 _uhttp://site.ebrary.com/lib/rucke/Doc?id=10643073
_zAn electronic book accessible through the World Wide Web; click to view
999 _c44429
_d44429